000 00708nam a2200217Ii 4500
003 JO-AjNU
008 230605s9999||||xx |||||||||||||| ||und||
017 _a2011/1/1337
040 _aJO-AjNU
_bara
_erda
_cJO-AjNU
041 _aara
050 1 4 _aG155.A1.K34 2011
100 3 _aالكحلي، ياسين,
_eauthor
_951205
245 0 0 _aاسس التسويق السياحي والفندقي
250 _aط1
264 3 1 _aعمان: دار زهران للنشر والتوزيع، 2011
300 _a137ص
336 _atext
_btxt
_2rdacontent
337 _aunmediated
_bn
_2rdamedia
338 _avolume
_bnc
_2rdacarrier
650 4 _aالفنادق - تسويق - السياحة - تسويق
_951206
999 _aA22603
_c26171
_d26171